000 00452nam a2200169Ia 4500
008 090711s9999 xx 000 0 und d
082 _b56779
100 _aजोगळेकर योगिनी
245 _aदसरा
260 _c1987
300 _a193
600 _aजोगळेकर योगिनी
630 _aदसरा
700 _aजोगळेकर योगिनी
730 _aदसरा
942 _cBOOK
999 _c310065
_d310065